000
00259nam a22001217a 4500
008
181015b xxu||||| |||| 00| 0 eng d
041
_a
eng
080
_a
330
100
_a
58
101
_a
BIZ
245
_a
Modern Capitalism
_c
Shonfield,A
942
_2
udc
_c
BK
999
_c
49704
_d
49704